[Event "Krefeld op"]
[Site "Krefeld"]
[Date "2022.08.08"]
[Round "9"]
[White "Trunz, Michelle"]
[Black "Hepting, Frank"]
[Result "1-0"]
[WhiteElo "1724"]
[BlackElo "1478"]
[PlyCount "97"]
[EventDate "2022.08.04"]
[EventType "swiss"]
[EventRounds "9"]
[EventCountry "GER"]
[SourceTitle "CBM 209 Extra"]
[Source "ChessBase"]
[SourceDate "2022.09.30"]
[SourceVersion "1"]
[SourceVersionDate "2022.09.30"]
[SourceQuality "1"]

1. d4 c6 2. c4 d5 3. cxd5 cxd5 4. Nc3 Nf6 5. Nf3 Nc6 6. Bf4 g6 7. e3 Bg7 8. Ne5 0-0 9. Be2 Nxe5 10. dxe5 Ne4 11. Qxd5 Nxc3 12. Qxd8 Rxd8 13. bxc3 Bf5 14. 0-0 Bd3 15. Bxd3 Rxd3 16. Rab1 b6 17. Rb3 e6 18. h3 Rd5 19. Ra3 Bxe5 20. Bxe5 Rxe5 21. Rb1 Rc5 22. Rd1 Rd5 23. Rxd5 exd5 24. Kf1 Kf8 25. Ke2 Ke7 26. Kd3 Kd6 27. Kd4 Kc6 28. Ke5 a5 29. Ra4 Rd8 30. Kf6 Rd7 31. g4 Kb5 32. Rd4 Rc7 33. a4+ Ka6 34. Rxd5 Rxc3 35. Kxf7 Rc4 36. Rd4 Rc7+ 37. Ke6 b5 38. Rd6+ Kb7 39. axb5 Rc5 40. f4 Rxb5 41. f5 gxf5 42. gxf5 a4 43. f6 a3 44. Rd1 Rb6+ 45. Ke7 Rb3 46. e4 Re3 47. f7 Rxe4+ 48. Kf6 Rf4+ 49. Kg7 1-0